Χώρος και πληθυσμός της Κέρκυρας του 17ου αιώνα : τοπωνύμια-οικισμοί-δημογραφικά στοιχεία
Saved in:
| Main Author: | |
|---|---|
| Format: | Book |
| Language: | Greek |
| Published: |
Κέρκυρα :
1988
|
| Subjects: | |
| Tags: |
Add Tag
No Tags, Be the first to tag this record!
|
MARC
| LEADER | 00000nam a2200000 i 4500 | ||
|---|---|---|---|
| 001 | 1/98229 | ||
| 008 | 950308s gre d | ||
| 035 | |l 10010859 | ||
| 040 | |a GR-MY-UA |b gre |e aacr | ||
| 041 | 0 | |a gre | |
| 082 | 0 | |a 304.6094955 | |
| 100 | 1 | |a Κόλλας, Χαρίλαος Β. | |
| 245 | 1 | 0 | |a Χώρος και πληθυσμός της Κέρκυρας του 17ου αιώνα : |b τοπωνύμια-οικισμοί-δημογραφικά στοιχεία / |c Χαρίλαος Β. Κόλλας |
| 260 | |a Κέρκυρα : |c 1988 | ||
| 300 | |a 201 σ. | ||
| 650 | 0 | 0 | |a Demographic surveys |z Greece |z Corfu Island |y 17th century. |
| 650 | 0 | 0 | |a Names, Geographical |z Greece |z Corfu Island |y 17th century. |
| 650 | 0 | 0 | |a Human settlements |z Greece |z Corfu Island |y 17th century. |
| 852 | |a INST |b LESVOS |e 19950308 |h 304.6094955 ΚΟΛ |p 005100002544 |q 005100002544 |t BK |y 0 | ||
| 909 | |a Λ |b 039705 | ||
| 922 | |a 1ΔΩΡ |b 199502 |c ΤΚΑ | ||